|
|
|
|
| LEADER |
00000nab a2200000 ar4500 |
| 001 |
vtls011633845 |
| 003 |
SK-MaSNL |
| 005 |
20260303083131.0 |
| 008 |
170601c2017 xo |r|p|||an |000 b|slo |
| 015 |
|
|
|a SNBRB2017/05
|
| 038 |
|
|
|a SPK
|
| 040 |
|
|
|a SPKCL
|b slo
|c AACR2
|e AACR2
|
| 041 |
0 |
|
|a slo
|b slo
|
| 044 |
|
|
|a xo
|c SK
|
| 072 |
|
7 |
|a 316
|x Sociológia
|2 konspekt
|
| 080 |
|
|
|a 316.624
|2 2011
|
| 100 |
1 |
|
|a Emmerová, Ingrid,
|d 1977-
|4 aut
|9 23145
|
| 245 |
1 |
0 |
|a Koordinátor prevencie
|b problémy a aktuálne výzvy
|c Ingrid Emmerová
|
| 504 |
|
|
|a Bibliogr. odkazy
|
| 546 |
|
|
|a Res. slov.
|
| 650 |
0 |
7 |
|a sociálne deviácia
|2 snkbucl
|9 1089172
|
| 650 |
0 |
7 |
|a prevencia
|2 snkbucl
|9 276631
|
| 773 |
0 |
|
|t Manažment školy v praxi : odborný mesačník pre manažment škôl, školských a predškolských zariadení
|g Roč. 12, č. 4 (2017), s. 5-8
|x 1336-9849
|
| 852 |
|
|
|a SPK
|b KIS3GCP
|
| 958 |
|
|
|a NB
|2 snkbucl
|
| 999 |
|
|
|c 1790421
|d 1792351
|